Textbook of Environmental Studies for Undergraduate Courses : (Record no. 611791)

MARC details
000 -LEADER
fixed length control field 00558nam a2200193 a 4500
008 - FIXED-LENGTH DATA ELEMENTS--GENERAL INFORMATION
fixed length control field 260211s2005##################000#0#eng##
020 ## - INTERNATIONAL STANDARD BOOK NUMBER
ISBN 9788173715402
082 04 - DEWEY DECIMAL CLASSIFICATION NUMBER
Classification number 333.707
Item number BHA
100 1# - MAIN ENTRY--AUTHOR NAME
Personal name Bharucha, Erach,
245 10 - TITLE STATEMENT
Title Textbook of Environmental Studies for Undergraduate Courses :
260 ## - PUBLICATION, DISTRIBUTION, ETC. (IMPRINT)
Name of publisher Universities Press,
Year of publication 2005.
300 ## - PHYSICAL DESCRIPTION
Number of Pages 298 pages
650 #0 - SUBJECT ADDED ENTRY--TOPICAL TERM
Topical Term Conservation of natural resources.
942 ## - ADDED ENTRY ELEMENTS (KOHA)
Koha item type English Books
Holdings
Withdrawn status Lost status Damaged status Not for loan Home library Current library Shelving location Date acquired Full call number Accession Number Price effective from Koha item type
        Anna Centenary Library Anna Centenary Library 4TH FLOOR, A WING 11.02.2026 333.707 BHA 450894 11.02.2026 English Books

Find us on the map